000 00760cam a22002413a 4500
001 20283
003 PGUSA
005 20140828083429.0
008 070104s2007||||xxu|||||s|||||000 | eng d
040 _aPGUSA
_beng
042 _adc
050 4 _aHQ
100 1 _aHartley, C. Gasquoine
_q(Catherine Gasquoine),
_d1867-1928
245 1 0 _aWomen's Wild Oats :
_bEssays on the Re-fixing of Moral Standards
_h[electronic resource] /
_cC. Gasquoine Hartley
260 _bProject Gutenberg,
_c2007
506 _aPublic domain in the USA.
516 _aElectronic text
653 _aWomen -- Great Britain
653 _aWomen -- Social and moral questions
830 0 _aProject Gutenberg
_v20283
856 4 0 _uhttp://www.gutenberg.org/ebooks/20283
942 _cEB
999 _c249538
_d249538